Bilecik Bilecik Bilecik Bilecik Bilecik

Uçak yapıları = (Record no. 38502)

MARC details
000 -BAŞLIK
Sabit Uzunluktaki Kontrol Alanı 01266nam a22003977a 4500
001 - KONTROL NUMARASI
Control Dosyası 0038271
003 - KONTROL NUMARASI KİMLİĞİ
Kontrol Alanı KOHA_MİRAKIL
005 - EN SON İŞLEM TARİHİ ve ZAMANI
Kontrol Alanı 20260207003106.0
007 - FİZİKSEL TANIM SABİT ALAN - GENEL BİLGİ
Sabit uzunluklu kontrol alanı ta
008 - SABİT UZUNLUKTAKİ VERİ ÖGELERİ - GENEL BİLGİ
Sabit Alan 121001b1991 tu a|||gr||||#||||0|tur |
020 ## - ISBN - ULUSLARARASI STANDART KİTAP NUMARASI
Isbn 9754922802
040 ## - KATALOGLAMA KAYNAĞI
Özgün Kataloglama Kurumu TR-BiSEU
Kataloglama Dili tur
Çeviri Kurumu TR-BiSEU
Açıklama Kuralları rda
041 0# - DİL KODU
Metin ya da ses kaydının dil kodu tur
044 ## - YAYINLAYAN/ÜRETEN KURULUŞUN ÜLKE KODU
ISO country code tu
050 ## - SINIFLAMA ve YER NUMARASI
Sınıflama Numarası TL671.6
Yer Numarası .P44 1991
100 1# - KİŞİ ADI
Yazar Adı (Kişi adı) Peery, David J..
240 10 - TEK BİÇİM BAŞLIK
Tekbiçim Başlık <a href="aircraft structures">aircraft structures</a>
Language of a work Türkçe
245 1# - ESER ADI BİLDİRİMİ
Başlık Uçak yapıları =
Alt Eseradı vb. aircraft structures/
Sorumluluk Bildirimi David J. Peery ; David J. Peery, J. J. Azar .
264 #1 - ÜRERİM, YAYIN, DAĞITIM ve TELİF BİLDİRİMİ
Yayın yeri [Eskişehir] :
Yayınlayan Anadolu Üniversitesi
Yayın tarihi 1991
300 ## - FİZİKSEL TANIMLAMA
Sayfa, Cilt vb. XII, 630 sayfa :
Diğer fiziki detaylar resimli
336 ## - İÇERİK TÜRÜ
Content type term metin
Content type code txt
Source rdacontent
337 ## - MEDYA TÜRÜ
Media type term aracısız
Media type code n
Source rdamedia
338 ## - TAŞIYICI TÜRÜ
Carrier type term cilt
Carrier type code nc
Source rdacarrier
490 1# - DİZİ BİLDİRİMİ
Dizi Bildirimi Anadolu Üniversitesi yayın ;
Cilt Numarası no.
490 1# - DİZİ BİLDİRİMİ
Dizi Bildirimi 549.
490 1# - DİZİ BİLDİRİMİ
Dizi Bildirimi Sivil Havacılık Meslek Yüksekokulu yayın ;
Cilt Numarası no.
490 1# - DİZİ BİLDİRİMİ
Dizi Bildirimi 3.
500 ## - GENEL NOT
Genel Not Kaynakça var.
650 #0 - KONU BAŞLIĞI EK GİRİŞ - KONU TERİMİ
Konusal terim veya coğrafi ad Uçaklar--Tasarım ve yapım.
9 (RLIN) 26096
650 #0 - KONU BAŞLIĞI EK GİRİŞ - KONU TERİMİ
Konusal terim veya coğrafi ad Airplanes--Design and construction.
9 (RLIN) 26097
830 1# - SERİ EK GİRİŞİ - TEKBİÇİM ESER ADI
Tekbiçim Başlık Anadolu Üniversitesi yayın ;
Volume number/sequential designation no.
9 (RLIN) 38202
830 1# - SERİ EK GİRİŞİ - TEKBİÇİM ESER ADI
Tekbiçim Başlık 549.
9 (RLIN) 7844
830 1# - SERİ EK GİRİŞİ - TEKBİÇİM ESER ADI
Tekbiçim Başlık Sivil Havacılık Meslek Yüksekokulu yayın ;
Volume number/sequential designation no.
9 (RLIN) 72161
830 1# - SERİ EK GİRİŞİ - TEKBİÇİM ESER ADI
Tekbiçim Başlık 3.
9 (RLIN) 5553
942 ## - EK GİRİŞ ÖGELERİ (KOHA)
Source of classification or shelving scheme Library of Congress Classification
Koha item type Book
Holdings
Materyal Türü Kalıcı Konum Mevcut Konum Raf Yeri Sınıflandırma Kaynağı Edinim Bilgisi Ana Konular Alt Konular Yer Numarası Demirbaş Numarası Fatura Tarihi Geri Çekilme Durumu Kayıp Durumu Hasarlı Durumu Kredi için değil Kayıt Tarih Toplam Ödünçverme Son Görülme Tarihi Son Kontrol Tarihi Genel / Bağış Notu
Book Prof. Dr. Azmi Özcan Kütüphanesi Prof. Dr. Azmi Özcan Kütüphanesi Birûni Salonu Library of Congress Classification Bağış TEKNOLOJİ Motorlu Araçlar, Havacılık, Uzay TL671.6 .P44 1991 0038271 02/02/2026         01/10/2012 9 05/12/2024 05/12/2024 YÖK Tez Merkezi